Language acquisition and communicative choice
Saved in:
| Hovedforfatter: | |
|---|---|
| Format: | Bog |
| Sprog: | engelsk |
| Udgivet: |
Redwood City
Stanford University Press
1973
|
| Fag: | |
| Tags: |
Tilføj Tag
Ingen Tags, Vær først til at tagge denne postø!
|
MARC
| LEADER | 00000nam a2200000 a 4500 | ||
|---|---|---|---|
| 001 | UCJ8972 | ||
| 003 | CL-VaPUC | ||
| 008 | 070126e19730000us |||||||||||||||||eng|d | ||
| 020 | |a 0804708312 | ||
| 082 | 0 | 4 | |a 401.93 |b ERV |2 21 |
| 100 | |a Ervin Tripp, Susan M |e author |9 518819 | ||
| 245 | 1 | 0 | |a Language acquisition and communicative choice |
| 300 | |a 383 p | ||
| 942 | |c BK | ||
| 945 | |d 20070126 00:00:00 |a jtorresc | ||
| 260 | |a Redwood City |b Stanford University Press |c 1973 | ||
| 500 | |a Donación de la Dra. Marianne Peronard Thierry | ||
| 650 | 0 | |a Adquisición del lenguaje |9 309032 | |
| 650 | 0 | |a Psicolingüística |9 283371 | |
| 650 | 0 | |a Psicología del desarrollo |9 307541 | |
| 650 | 7 | |a BILINGUILISMO |2 CL-VaPUC |9 518820 | |
| 650 | 0 | |a Sociolingüística |9 263716 | |
| 583 | |a last modification |c 20171213 06:11:10 |k Rodrigo Vera | ||
| 999 | |c 324616 |d 324614 | ||
| 952 | |0 0 |1 0 |4 0 |6 401_930000000000000_ERV_1973 |7 0 |8 A |9 404885 |a FDOPOS |b FDOPOS |d 2019-11-22 |i 4319192 |o 401.93 ERV 1973 |p 4319192 |r 2025-01-22 |w 2019-11-22 |y BK |k MLA | ||